[Event "op"]
[Site "Feldbach, Styria/AUT"]
[Date "1997.01.02"]
[Round "6"]
[White "Wegerer, F."]
[Black "Schriebl, A."]
[Result "1-0"]
[WhiteElo "2270"]
[BlackElo "1720"]
[PlyCount "110"]
[EventDate "1997.01.02"]

1. c4 g6 2. g3 Bg7 3. Bg2 Nf6 4. Nc3 c6 5. e4 e5 6. Nge2 d6 7. O-O O-O 8. d3
Na6 9. Rb1 Be6 10. b4 Nc7 11. b5 cxb5 12. Nxb5 Nxb5 13. Rxb5 Qd7 14. Qb3 Rab8
15. Ba3 Rfc8 16. Rb1 b6 17. Nc3 Ne8 18. Rb4 Nc7 19. Qa4 Ne8 20. Qxd7 Bxd7 21.
Nd5 Bf8 22. R4b2 Kg7 23. h4 Nc7 24. Nc3 Be7 25. Kh2 h5 26. Bh3 Rd8 27. Bxd7
Rxd7 28. Rb3 Rf8 29. Bc1 f5 30. Kg2 fxe4 31. Nxe4 Ne6 32. Be3 Nc5 33. Bxc5 dxc5
34. Kf1 Kh6 35. Re1 Rf5 36. Ke2 g5 37. hxg5+ Bxg5 38. Rh1 Kg6 39. a4 Rf8 40.
Rh3 Rfd8 41. Rh1 Be7 42. Rhb1 Rd4 43. a5 b5 44. Rxb5 Rxd3 45. Rb7 R8d7 46. a6
Bf8 47. Rxd7 Rxd7 48. Rb7 Rd4 49. Nd2 Bh6 50. Nf3 Rd6 51. Rxa7 e4 52. Ne5+ Kf5
53. Nf7 Rd2+ 54. Ke1 Rd4 55. Nxh6+ Kg6 1-0

[Event "op"]
[Site "Feldbach, Styria/AUT"]
[Date "1997.01.02"]
[Round "6"]
[White "Payrits, H."]
[Black "Kopinits, A."]
[Result "1-0"]
[WhiteElo "1710"]
[BlackElo "1605"]
[PlyCount "93"]
[EventDate "1997.01.02"]

1. c4 e5 2. Nc3 g6 3. g3 Bg7 4. Bg2 f5 5. e3 Nf6 6. Nge2 O-O 7. d4 d6 8. Qb3 e4
9. c5+ d5 10. a4 a5 11. Bd2 c6 12. Ra3 Na6 13. Na2 g5 14. h4 h6 15. Qc3 Nc7 16.
b4 axb4 17. Qxb4 Ne6 18. Qb3 Rb8 19. a5 Ra8 20. Nec3 Nc7 21. hxg5 hxg5 22. f4
gxf4 23. gxf4 Kf7 24. Na4 Nb5 25. Nb6 Nxa3 26. Nxa8 Nc4 27. Nb6 Nxd2 28. Kxd2
Rh8 29. Qd1 Ng4 30. Qe1 Bf6 31. Rxh8 Qxh8 32. Nxc8 Qxc8 33. Qb1 Qa8 34. Nc3 Bd8
35. Qh1 Kg7 36. Qh5 Qxa5 37. Qxf5 Nxe3 38. Qd7+ Kg8 39. Bh3 Nc4+ 40. Ke2 Qxc3 {
} 41. Be6+ Kh8 42. Qxd8+ Kg7 43. Qg8+ Kh6 44. Qg5+ Kh7 45. Bf5+ Kh8 46. Qh6+
Kg8 47. Be6# 1-0

[Event "op"]
[Site "Feldbach, Styria/AUT"]
[Date "1997.01.03"]
[Round "7"]
[White "Pavasovic, D."]
[Black "Danner, G."]
[Result "1-0"]
[WhiteElo "2495"]
[BlackElo "2375"]
[PlyCount "59"]
[EventDate "1997.01.03"]

1. e4 c5 2. c3 b6 3. d4 Bb7 4. Bd3 Nf6 5. Nd2 cxd4 6. cxd4 Nc6 7. Ne2 e5 8. d5
Nb4 9. Bb1 a5 10. O-O Bc5 11. Nb3 O-O 12. Ng3 Ne8 13. Nxc5 bxc5 14. a3 Na6 15.
f4 exf4 16. Bxf4 d6 17. Qc2 g6 18. Bh6 Ng7 19. Qc3 f6 20. Bd3 Nb8 21. Ne2 Qe7
22. Rf2 Bc8 23. Nf4 Rf7 24. Raf1 Ra7 25. Ne6 Nxe6 26. dxe6 Bxe6 {} 27. Rxf6
Rxf6 28. Rxf6 Nc6 29. Rxe6 Qxe6 30. Bc4 1-0

[Event "op"]
[Site "Feldbach, Styria/AUT"]
[Date "1997.01.03"]
[Round "7"]
[White "Keitlinghaus, L."]
[Black "Chernin, A."]
[Result "1/2-1/2"]
[WhiteElo "2515"]
[BlackElo "2620"]
[PlyCount "34"]
[EventDate "1997.01.03"]

1. e4 d6 2. d4 Nf6 3. Nc3 g6 4. Nf3 Bg7 5. Be2 O-O 6. O-O Nc6 7. h3 e5 8. dxe5
dxe5 9. Be3 Qe7 10. Nd5 Nxd5 11. Qxd5 Rd8 12. Qc5 Qxc5 13. Bxc5 b6 14. Be3 Bb7
15. c3 Ne7 16. Nd2 h6 17. Bc4 Rd7 {} 1/2-1/2

[Event "op"]
[Site "Feldbach, Styria/AUT"]
[Date "1997.01.03"]
[Round "7"]
[White "Sax, G."]
[Black "Tratar, M."]
[Result "1/2-1/2"]
[WhiteElo "2525"]
[BlackElo "2420"]
[PlyCount "60"]
[EventDate "1997.01.03"]

1. e4 c5 2. Nf3 d6 3. d4 cxd4 4. Nxd4 Nf6 5. Nc3 Nc6 6. Bc4 Qb6 7. Ndb5 a6 8.
Be3 Qa5 9. Nd4 Ne5 10. Nb3 Qc7 11. Bd3 e6 12. f4 Nc4 13. Bxc4 Qxc4 14. Qf3 Bd7
15. O-O-O Rc8 16. Rd2 b5 17. Bb6 Qc6 18. Ba5 Qa8 19. Re1 Be7 20. Bb4 Rc4 21.
Bxd6 b4 22. Nd1 Bxd6 23. Rxd6 Bc6 24. Nd2 Rc5 25. Qe3 Rh5 26. Qb6 Bb5 27. h3
O-O {} 28. e5 Ne8 29. g4 Nxd6 30. gxh5 Nf5 1/2-1/2

[Event "op"]
[Site "Feldbach, Styria/AUT"]
[Date "1997.01.03"]
[Round "7"]
[White "Stanec, N."]
[Black "Barzay, L."]
[Result "1-0"]
[WhiteElo "2505"]
[BlackElo "2380"]
[PlyCount "32"]
[EventDate "1997.01.03"]

1. d4 g6 2. c4 Bg7 3. Nc3 c6 4. e4 d6 5. Be3 a6 6. h3 b5 7. Nf3 Nd7 8. Qc2 Bb7
9. Rd1 Qa5 10. Be2 bxc4 11. Bxc4 d5 12. Bb3 dxe4 {} 13. Bxf7+ Kxf7 14. Ng5+
Ke8 15. Qb3 Bf6 16. Qf7+ Kd8 1-0

[Event "op"]
[Site "Feldbach, Styria/AUT"]
[Date "1997.01.03"]
[Round "7"]
[White "Rogulj, B."]
[Black "Womacka, M."]
[Result "1/2-1/2"]
[WhiteElo "2420"]
[BlackElo "2465"]
[PlyCount "28"]
[EventDate "1997.01.03"]

1. e4 c5 2. Nc3 Nc6 3. g3 g6 4. Bg2 Bg7 5. d3 d6 6. f4 e6 7. Nf3 Nge7 8. O-O
O-O 9. Be3 Nd4 10. e5 dxe5 11. Nxe5 Rb8 12. Ne4 b6 13. c3 Nec6 14. Nc4 Bb7
1/2-1/2

[Event "op"]
[Site "Feldbach, Styria/AUT"]
[Date "1997.01.03"]
[Round "7"]
[White "Krumpacnik, D."]
[Black "Schneider_Zinner, H."]
[Result "1/2-1/2"]
[WhiteElo "2385"]
[BlackElo "2155"]
[PlyCount "91"]
[EventDate "1997.01.03"]

1. d4 e6 2. Nf3 Nf6 3. Bg5 h6 4. Bh4 c5 5. c3 Qb6 6. Qb3 d5 7. Nbd2 cxd4 8.
Qxb6 axb6 9. Nxd4 Nc6 10. Nb5 Kd8 11. e4 Na7 12. Bxf6+ gxf6 13. exd5 e5 14.
Nxa7 Rxa7 15. Be2 Rg8 16. g3 Bh3 17. Bf3 b5 18. b4 Bg7 19. Kd1 Ke7 20. Kc2 b6
21. Kb3 Bd7 22. Rac1 f5 23. Bg2 e4 24. a3 h5 25. Rc2 h4 26. f3 hxg3 27. fxe4
gxh2 28. Rxh2 Be5 {} 29. Nf3 Bxh2 30. Nxh2 Kd6 31. exf5 Bxf5 32. Rf2 Rga8 33.
Rxf5 Rxa3+ 34. Kc2 Ra2+ 35. Kd3 Rxg2 36. Nf3 Ke7 37. Nd4 Rg3+ 38. Kc2 Ra2+ 39.
Kb3 Rag2 40. Nc6+ Kd6 41. Rxf7 Rd2 42. Na7 Rxd5 43. Rb7 Rdd3 44. Kb2 Rd2+ 45.
Kb3 Rdd3 46. Kb2 1/2-1/2

[Event "op"]
[Site "Feldbach, Styria/AUT"]
[Date "1997.01.03"]
[Round "7"]
[White "Kuba, G."]
[Black "Palac, M."]
[Result "1/2-1/2"]
[WhiteElo "2200"]
[BlackElo "2540"]
[PlyCount "87"]
[EventDate "1997.01.03"]

1. e4 c5 2. Nf3 e6 3. c3 Nf6 4. e5 Nd5 5. d4 cxd4 6. cxd4 d6 7. Nc3 Nxc3 8.
bxc3 Qc7 9. Bd2 Nd7 10. exd6 Bxd6 11. Bd3 b6 12. O-O Bb7 13. h3 O-O 14. Re1 Bf4
15. Ng5 h6 16. Ne4 Rac8 17. Rc1 Rfd8 18. Bxf4 Qxf4 19. Re3 Qc7 20. c4 Bxe4 21.
Bxe4 Nf6 22. Bb1 Rd6 23. Rd3 Rc6 24. Rdc3 Rd8 25. Qd2 Rcd6 26. Rd3 Qd7 27. Rd1
Qa4 28. Qc1 Rc6 29. Rc3 b5 {} 30. c5 b4 31. Rc4 a5 32. Rd3 Qb5 33. Rf3 Kf8 34.
Bd3 Qb8 35. Qc2 Qc7 36. g4 e5 37. dxe5 Qxe5 38. Re3 Qc7 39. Be2 Rc8 40. Rd3 Qe7
41. Re3 Qc7 42. Rd3 Qe5 43. Re3 Qc7 44. Rd3 1/2-1/2

[Event "op"]
[Site "Feldbach, Styria/AUT"]
[Date "1997.01.03"]
[Round "7"]
[White "Freitag, M."]
[Black "Szekely, P."]
[Result "1/2-1/2"]
[WhiteElo "2285"]
[BlackElo "2455"]
[PlyCount "28"]
[EventDate "1997.01.03"]

1. e4 c5 2. Nf3 d6 3. d4 cxd4 4. Nxd4 Nf6 5. Nc3 a6 6. f4 e5 7. Nf3 Qc7 8. a4
Be7 9. Bd3 Nc6 10. O-O Nb4 11. Kh1 O-O 12. Qe1 Be6 13. fxe5 dxe5 14. Bg5 Rfd8 {
} 1/2-1/2

[Event "op"]
[Site "Feldbach, Styria/AUT"]
[Date "1997.01.03"]
[Round "7"]
[White "Bonstingl, G."]
[Black "Gross, D."]
[Result "0-1"]
[WhiteElo "2225"]
[BlackElo "2360"]
[PlyCount "132"]
[EventDate "1997.01.03"]

1. Nf3 Nf6 2. g3 g6 3. Bg2 Bg7 4. O-O O-O 5. d3 d5 6. Nbd2 Nc6 7. h3 e5 8. e4
dxe4 9. dxe4 a5 10. Nh2 Be6 11. Ng4 Qd7 12. Nxf6+ Bxf6 13. Kh2 Rfd8 14. Qf3 Be7
15. c3 Qd3 16. Qxd3 Rxd3 17. Re1 Bc5 18. Bf1 {} 18... Bxf2 19. Bxd3 Bxe1 20.
Nf3 Bf2 21. Bg5 f6 22. Bxf6 Rf8 23. Rf1 Bxg3+ 24. Kxg3 Rxf6 25. a3 Kg7 26. Rf2
h6 27. Bb5 Bd7 28. Rd2 Rd6 29. Rxd6 cxd6 30. Nd2 Be6 31. b4 axb4 32. axb4 Kf6
33. h4 Ne7 34. Bc4 Bxc4 35. Nxc4 Ke6 36. Na5 b5 37. c4 bxc4 38. Nxc4 d5 39.
exd5+ Kxd5 40. Ne3+ Kd4 41. Ng2 Nd5 42. b5 Kc5 43. Kf3 Nf6 44. Ne3 Kxb5 45. h5
gxh5 46. Nf5 Kc4 47. Nxh6 Kd5 48. Nf5 Ke6 49. Ne3 Ne8 50. Nf1 Nd6 51. Ng3 h4
52. Nf1 Kf5 53. Ne3+ Kg5 54. Nf1 e4+ 55. Kf2 Nf5 56. Kg2 Kf4 57. Nd2 e3 58. Nb3
Kg4 59. Nc1 Nd4 60. Nd3 Nf3 61. Nc1 Ne5 62. Ne2 Nd3 63. Nd4 Nf4+ 64. Kf1 h3 65.
Kg1 e2 66. Nc2 Nd3 0-1

[Event "op"]
[Site "Feldbach, Styria/AUT"]
[Date "1997.01.03"]
[Round "7"]
[White "Gross, S."]
[Black "Frosch, R."]
[Result "1-0"]
[WhiteElo "2330"]
[BlackElo "1870"]
[PlyCount "101"]
[EventDate "1997.01.03"]

1. c4 e6 2. Nf3 Nf6 3. g3 Be7 4. Bg2 d5 5. b3 c6 6. O-O O-O 7. Bb2 Nbd7 8. Qc2
Ne4 9. d3 Nd6 10. e4 dxe4 11. dxe4 f6 12. Nd4 Nc5 13. b4 Na6 14. c5 Nf7 15. a3
e5 16. Nf5 Be6 17. Nd2 Qc7 18. Rfd1 Rad8 19. Bf1 Ng5 20. Bc4 Kh8 21. h4 Bxf5
22. hxg5 Bg4 23. f3 Bh5 24. g4 Bg6 25. Kg2 fxg5 26. Be6 Bf6 27. Nf1 Qe7 28. Bb3
Nc7 29. Ne3 Ne6 30. Bxe6 Qxe6 31. Nf5 Bxf5 32. gxf5 Qf7 33. Rd6 Rxd6 34. cxd6
Rd8 35. Rd1 h6 36. Rd2 Kh7 37. Qc5 a6 38. Bxe5 Bxe5 39. Qxe5 Qf6 40. Qe7 Kg8
41. Qe6+ Kf8 42. e5 Qf7 43. Qxf7+ Kxf7 44. e6+ Ke8 45. Kg3 Rb8 46. Kg4 Kf8 47.
Kh5 b6 48. Kg6 c5 49. bxc5 bxc5 50. f6 gxf6 51. Kxf6 1-0

[Event "op"]
[Site "Feldbach, Styria/AUT"]
[Date "1997.01.03"]
[Round "7"]
[White "Demuth, M."]
[Black "Jazbinsek, S."]
[Result "1/2-1/2"]
[WhiteElo "2240"]
[BlackElo "2175"]
[PlyCount "82"]
[EventDate "1997.01.03"]

1. e4 c5 2. Nf3 d6 3. d4 cxd4 4. Nxd4 Nf6 5. Nc3 g6 6. Be3 Bg7 7. f3 O-O 8. Qd2
Nc6 9. Bc4 Bd7 10. h4 Rc8 11. Bb3 Nxd4 12. Bxd4 b5 13. h5 b4 14. Nd5 e6 15.
Nxf6+ Bxf6 16. Qh6 {} 16... Qe7 17. Bxf6 Qxf6 18. O-O-O a5 19. e5 Qg7 20.
Qxg7+ Kxg7 21. h6+ Kg8 22. Rxd6 Bb5 23. a4 bxa3 24. bxa3 a4 25. Ba2 Rc3 26. Kb2
Re3 27. c4 Be8 28. Rc1 Rxe5 29. c5 Re2+ 30. Ka1 Re3 31. c6 Bxc6 32. Rdxc6 Rxa3
33. Rc8 Re3 34. Rxf8+ Kxf8 35. Rc8+ Ke7 36. Rh8 Re2 37. g4 Rf2 38. Rxh7 Rxf3
39. Bc4 Rf4 40. Be2 Re4 41. Bf3 Rf4 1/2-1/2

[Event "op"]
[Site "Feldbach, Styria/AUT"]
[Date "1997.01.03"]
[Round "7"]
[White "Kos, T."]
[Black "Milanollo, M."]
[Result "1-0"]
[WhiteElo "2295"]
[BlackElo "1975"]
[PlyCount "33"]
[EventDate "1997.01.03"]

1. e4 c5 2. c3 d5 3. exd5 Qxd5 4. d4 cxd4 5. cxd4 Nc6 6. Nf3 e5 7. Nc3 Bb4 8.
Bd2 Bxc3 9. Bxc3 e4 {} 10. Ne5 Nh6 11. Bc4 Qd6 12. Qa4 Nf5 13. Nxf7 Qg6 14.
Nxh8 Qxg2 15. O-O-O Bd7 16. Qc2 Rc8 17. Rhe1 1-0

[Event "op"]
[Site "Feldbach, Styria/AUT"]
[Date "1997.01.03"]
[Round "7"]
[White "Kragelj, I."]
[Black "Halser, W."]
[Result "1/2-1/2"]
[WhiteElo "2225"]
[BlackElo "2175"]
[PlyCount "37"]
[EventDate "1997.01.03"]

1. d4 Nf6 2. c4 d6 3. Nc3 Nbd7 4. e4 e5 5. Nf3 Be7 6. Be2 O-O 7. O-O c6 8. Be3
Re8 9. d5 c5 10. Ne1 Nf8 11. a3 Ng6 12. Nd3 Bd7 13. b4 b6 14. f3 Nh5 15. g3 Nf6
16. Qb3 h5 17. a4 h4 18. g4 Nh7 19. a5 1/2-1/2

[Event "op"]
[Site "Feldbach, Styria/AUT"]
[Date "1997.01.03"]
[Round "7"]
[White "Maric, K."]
[Black "Sepetavc, W."]
[Result "1/2-1/2"]
[WhiteElo "2010"]
[BlackElo "2025"]
[PlyCount "84"]
[EventDate "1997.01.03"]

1. e4 c5 2. Nc3 Nc6 3. g3 g6 4. Bg2 e5 5. d3 Bg7 6. f4 d6 7. Nh3 Nge7 8. O-O h5
9. Be3 Bg4 10. Qd2 Qd7 11. Ng5 f6 12. Nf3 O-O-O 13. fxe5 Nxe5 14. Nxe5 fxe5 15.
Rf7 Bf8 16. Bg5 Be6 17. Rf2 Bg7 18. Nd5 Bxd5 19. exd5 Rdf8 20. Raf1 Rxf2 21.
Rxf2 Nf5 22. Be4 Rf8 23. Kg2 Bf6 24. Bxf5 gxf5 25. Bh6 Rf7 26. Qe2 h4 27. Qh5
Rh7 28. Qg6 Bd8 29. Bf8 hxg3 30. hxg3 f4 31. Qe6 fxg3 32. Rf5 Kc7 33. Kxg3 Qxe6
34. dxe6 Be7 35. Kf3 Kd8 36. Ke4 Bxf8 37. Rxf8+ Ke7 38. Ra8 Kxe6 39. Rxa7 Rh4+
40. Ke3 Rb4 41. b3 Rb6 42. c4 d5 1/2-1/2

[Event "op"]
[Site "Feldbach, Styria/AUT"]
[Date "1997.01.03"]
[Round "7"]
[White "Kamaryt, T."]
[Black "Wegerer, F."]
[Result "0-1"]
[WhiteElo "2000"]
[BlackElo "2270"]
[PlyCount "66"]
[EventDate "1997.01.03"]

1. d4 g6 2. e4 Bg7 3. c4 Nc6 4. Be3 e5 5. Ne2 d6 6. Nbc3 Nh6 7. d5 Ne7 8. f3 f5
9. Qd2 Nf7 10. Nc1 O-O 11. Be2 c5 12. Nd3 Bd7 13. g4 a6 14. b3 Qc8 15. gxf5
gxf5 16. Kd1 Ng6 17. h4 b5 18. h5 Nf4 19. Kc2 b4 20. Nd1 Kh8 21. N1b2 fxe4 22.
fxe4 Ng5 23. h6 Bf6 24. Nf2 Be8 25. Bg4 Qd8 26. Bf5 Bg6 27. Bxg6 hxg6 28. Raf1
Nf3 29. Qd1 Nd4+ 30. Bxd4 cxd4 31. Nbd3 Ng2 32. Ng4 Qd7 33. Qf3 {} 33... Qxg4
0-1

[Event "op"]
[Site "Feldbach, Styria/AUT"]
[Date "1997.01.03"]
[Round "7"]
[White "Deutsch, L."]
[Black "Szith, G."]
[Result "1-0"]
[WhiteElo "2210"]
[BlackElo "1855"]
[PlyCount "107"]
[EventDate "1997.01.03"]

1. Nf3 Nf6 2. g3 b6 3. Bg2 Bb7 4. d3 e6 5. O-O Be7 6. b3 O-O 7. Bb2 c5 8. Nc3
Nd5 9. Ne4 f5 10. Ned2 Bf6 11. d4 Qc7 12. c4 Ne7 13. e3 d5 14. Rc1 Nd7 15. a4
Rad8 16. Ba3 Rfe8 17. b4 cxb4 {} 18. cxd5 Qb8 19. dxe6 bxa3 20. exd7 Rxd7 21.
Qb3+ Kh8 22. Qxa3 Rc8 23. Nc4 Ba6 24. Nce5 Rdc7 25. Rfe1 Nc6 26. Nxc6 Rxc6 27.
Rxc6 Rxc6 28. Ne5 Rc7 29. Qd6 Qd8 30. Qe6 Bxe5 31. Qxe5 Bc8 32. d5 Bd7 33. h4
Rc4 34. h5 h6 35. e4 Rxa4 36. exf5 Qf6 37. Qc7 Ra1 38. Rxa1 Qxa1+ 39. Kh2 Bxf5
40. Qf7 Qe5 41. d6 Qe6 42. Qxe6 Bxe6 43. Bc6 Kg8 44. d7 Bxd7 45. Bxd7 a6 46. g4
b5 47. Kg3 b4 48. Ba4 Kf7 49. Bc2 Ke6 50. f4 a5 51. Kf3 Kd5 52. g5 Kd4 53. f5
Ke5 54. f6 1-0

[Event "op"]
[Site "Feldbach, Styria/AUT"]
[Date "1997.01.03"]
[Round "7"]
[White "Pfaffel, T."]
[Black "Guid, M."]
[Result "0-1"]
[WhiteElo "2070"]
[BlackElo "2155"]
[PlyCount "40"]
[EventDate "1997.01.03"]

1. e4 e6 2. d4 d5 3. Nd2 Nf6 4. e5 Nfd7 5. f4 c5 6. c3 Nc6 7. Ndf3 cxd4 8. cxd4
Qb6 9. h4 Bb4+ 10. Kf2 f6 11. Be3 O-O 12. Bd3 fxe5 13. dxe5 Bc5 14. Bxc5 Nxc5
15. Kg3 {} 15... Ne4+ 16. Kh2 Nf2 17. Qc2 Nxd3 18. Qxd3 Rxf4 19. g3 Nxe5 20.
Nxe5 Qxb2+ 0-1

[Event "op"]
[Site "Feldbach, Styria/AUT"]
[Date "1997.01.03"]
[Round "7"]
[White "Bachmayer, J."]
[Black "Sackl, E."]
[Result "1/2-1/2"]
[WhiteElo "2080"]
[BlackElo "1900"]
[PlyCount "86"]
[EventDate "1997.01.03"]

1. c4 b6 2. Nf3 c5 3. g3 Bb7 4. Bg2 Nc6 5. b3 Nd4 6. Bb2 Nxf3+ 7. exf3 d5 8.
cxd5 Qxd5 9. O-O O-O-O 10. a3 h5 11. h4 Rh6 12. b4 g5 13. Nc3 Qf5 14. hxg5 Qxg5
15. Ne4 Bxe4 16. fxe4 e5 17. Qe2 h4 18. Bh3+ Kb7 19. Qg4 Qxg4 20. Bxg4 f6 21.
Be6 Bd6 22. b5 hxg3 23. fxg3 Ne7 24. Kg2 Bc7 25. Bc3 Rdh8 26. Rh1 Rxh1 27. Rxh1
Rxh1 28. Kxh1 a6 29. a4 axb5 30. axb5 Bd8 31. d3 Kc7 32. Kg2 Kd6 33. Bc4 f5 34.
Kf3 fxe4+ 35. Kxe4 Ng6 36. Bf7 Nf8 37. Bxe5+ Ke7 38. Bd5 Nd7 39. d4 Nf6+ 40.
Bxf6+ Kxf6 41. dxc5 bxc5 42. g4 Bb6 43. Bc4 Kg5 1/2-1/2

[Event "op"]
[Site "Feldbach, Styria/AUT"]
[Date "1997.01.03"]
[Round "7"]
[White "Schriebl, A."]
[Black "Frosch, D."]
[Result "1-0"]
[WhiteElo "1720"]
[BlackElo "1630"]
[PlyCount "95"]
[EventDate "1997.01.03"]

1. d4 Nf6 2. c4 e6 3. g3 d5 4. Bg2 b6 5. Nc3 Bb7 6. cxd5 Nxd5 7. Nxd5 exd5 8.
Nf3 Be7 9. O-O O-O 10. Re1 c5 11. b3 Nd7 12. Qd3 cxd4 13. Bb2 Nc5 14. Qxd4 Bf6
15. Qd2 Ne4 16. Bxf6 Qxf6 17. Qd4 Qxd4 18. Nxd4 Rac8 19. Rac1 Nc3 20. a3 Rfe8
21. Bf3 g6 22. Kg2 Ba6 23. h4 Bb7 24. e3 Ne4 25. Nb5 a6 26. Bxe4 dxe4 27. Nd6
Rxc1 28. Rxc1 Re7 29. Nxb7 Rxb7 30. g4 f5 31. gxf5 gxf5 32. Rc6 Rg7+ 33. Kh3
Rg6 34. Rc7 h5 35. b4 f4 36. Re7 fxe3 37. fxe3 Rd6 38. Rxe4 Rd3 39. a4 Ra3 40.
b5 axb5 41. axb5 Kf7 42. Kg3 Kf6 43. Kf4 Ra1 44. Rc4 Rh1 45. Rc6+ Ke7 46. Kg5
Rh3 47. Rxb6 Rxe3 48. Rb8 1-0

[Event "op"]
[Site "Feldbach, Styria/AUT"]
[Date "1997.01.04"]
[Round "8"]
[White "Chernin, A."]
[Black "Pavasovic, D."]
[Result "1-0"]
[WhiteElo "2620"]
[BlackElo "2495"]
[PlyCount "87"]
[EventDate "1997.01.04"]

1. d4 d5 2. c4 e6 3. Nf3 c6 4. Nc3 Nf6 5. Bg5 h6 6. Bh4 dxc4 7. e4 g5 8. Bg3 b5
9. Qc2 Bb7 10. Be2 Nbd7 11. Rd1 Qb6 12. O-O Nh5 13. d5 Nxg3 14. hxg3 O-O-O 15.
b3 cxb3 16. axb3 a6 17. dxe6 fxe6 18. e5 Bb4 19. Ne4 Qc7 20. Nd6+ Bxd6 21. exd6
Qb6 22. b4 Nf6 23. Ne5 Rhf8 24. Bf3 Nd5 25. Qc5 Qxc5 26. bxc5 a5 27. Rfe1 Kb8
28. Bg4 Rf6 29. Bh5 Nc3 30. Rd2 b4 31. Bf3 Na4 {} 32. Bxc6 Nxc5 33. Rc2 Nb3
34. Nd7+ Rxd7 35. Bxd7 e5 36. Ba4 Nd4 37. d7 Rd6 38. Rc5 b3 39. Rcxe5 Kc7 40.
Rxa5 b2 41. Rb1 Ne2+ 42. Kh1 Rd2 43. Rc5+ Kd8 44. Rc2 1-0

[Event "op"]
[Site "Feldbach, Styria/AUT"]
[Date "1997.01.04"]
[Round "8"]
[White "Keitlinghaus, L."]
[Black "Danner, G."]
[Result "1-0"]
[WhiteElo "2515"]
[BlackElo "2375"]
[PlyCount "109"]
[EventDate "1997.01.04"]

1. e4 c5 2. c3 d5 3. exd5 Qxd5 4. d4 Nf6 5. Nf3 e6 6. Be3 Nc6 7. a3 cxd4 8.
cxd4 Be7 9. Nc3 Qd8 10. Qc2 b6 11. Bb5 Bd7 12. Rd1 O-O 13. O-O Na5 14. Bd3 Bc6
15. Ne5 Bb7 16. b4 Nc6 17. Ne4 {} 17... Rc8 18. Nxf6+ gxf6 19. Nxc6 Bxc6 20.
d5 Bxd5 21. Bxh7+ Kg7 22. Qe2 Rh8 23. Be4 Qc7 24. Qg4+ Kf8 25. g3 Bxe4 26. Qxe4
Qc6 27. Qxc6 Rxc6 28. Rd7 a5 29. b5 Rc4 30. Bxb6 Rh5 31. Rb1 Bxa3 32. Bxa5 Rc1+
33. Rxc1 Bxc1 34. b6 Rb5 35. b7 Kg7 36. Bd8 Ba3 37. Be7 Bxe7 38. Rxe7 f5 39.
Kf1 Kf6 40. Rc7 e5 41. Ke2 f4 42. gxf4 exf4 43. Kd3 Ke6 44. Kc4 Rb2 45. Kc5
Rc2+ 46. Kb6 Rxf2 47. b8=Q Rb2+ 48. Ka7 Rxb8 49. Kxb8 f5 50. Rc1 Ke5 51. h4 f3
52. Rf1 Kf4 53. h5 Kg3 54. h6 Kg2 55. Ra1 1-0

[Event "op"]
[Site "Feldbach, Styria/AUT"]
[Date "1997.01.04"]
[Round "8"]
[White "Tratar, M."]
[Black "Stanec, N."]
[Result "0-1"]
[WhiteElo "2420"]
[BlackElo "2505"]
[PlyCount "74"]
[EventDate "1997.01.04"]

1. Nf3 c5 2. c4 Nc6 3. Nc3 g6 4. e3 Nf6 5. d4 cxd4 6. exd4 d5 7. cxd5 Nxd5 8.
Qb3 Nxc3 9. bxc3 Bg7 10. Ng5 O-O 11. Bc4 e6 12. Be2 e5 {} 13. dxe5 Nxe5 14.
O-O h6 15. Nf3 Qc7 16. Nd4 Bg4 17. Bf4 Bxe2 18. Nxe2 Rac8 19. Rfd1 Qc4 20. Bxe5
Bxe5 21. Qxc4 Rxc4 22. Rd7 Rc7 23. Rad1 Rfc8 24. g3 Kf8 25. Kg2 Ke8 26. Rxc7
Rxc7 27. Rd3 Bg7 28. f4 Rc4 29. Kf3 Ra4 30. Rd2 Ra3 31. Rc2 Kd7 32. Ke4 Kd6 33.
Rd2+ Ke7 34. Kd3 b5 35. Rb2 a6 36. Nd4 Kd6 37. Nb3 b4 0-1

[Event "op"]
[Site "Feldbach, Styria/AUT"]
[Date "1997.01.04"]
[Round "8"]
[White "Rogulj, B."]
[Black "Sax, G."]
[Result "1/2-1/2"]
[WhiteElo "2420"]
[BlackElo "2525"]
[PlyCount "38"]
[EventDate "1997.01.04"]

1. e4 c5 2. Nf3 e6 3. c4 Nc6 4. Nc3 Nf6 5. a3 b6 6. Be2 Bb7 7. O-O Qb8 8. Rb1
Be7 9. Re1 Ng4 10. Bf1 Nd4 11. g3 h5 12. Bg2 Nxf3+ 13. Qxf3 Ne5 14. Qe2 Qd6 15.
Nb5 Qb8 16. d4 cxd4 17. Nxd4 h4 18. b4 hxg3 19. hxg3 Ba6 {} 1/2-1/2

[Event "op"]
[Site "Feldbach, Styria/AUT"]
[Date "1997.01.04"]
[Round "8"]
[White "Gross, D."]
[Black "Womacka, M."]
[Result "1/2-1/2"]
[WhiteElo "2360"]
[BlackElo "2465"]
[PlyCount "158"]
[EventDate "1997.01.04"]

1. e4 c5 2. Nf3 d6 3. d4 cxd4 4. Nxd4 Nf6 5. Nc3 a6 6. f4 e5 7. Nf3 Nbd7 8. a4
Be7 9. Bd3 O-O 10. O-O exf4 11. Bxf4 Qb6+ 12. Kh1 Qxb2 13. Nd5 Nxd5 14. exd5
Qb6 15. Qe2 Bf6 16. Rab1 Qc7 17. Bg5 Qd8 18. Qe4 g6 19. Qh4 h5 20. Rb4 Bxg5 21.
Nxg5 Ne5 22. Rbf4 f5 23. Be2 Nf7 24. Ne6 Qxh4 25. Rxh4 Bxe6 26. dxe6 Ne5 27.
Rd4 Rac8 28. Rxd6 Rxc2 29. Bd1 Rc6 30. Rxc6 Nxc6 31. Bf3 Re8 32. Rc1 Kg7 33.
Bd5 Kf6 34. g3 Ke5 35. Bc4 Nd4 36. Re1+ Kd6 37. Rd1 Ke5 38. Re1+ Kf6 39. Bd5 b5
40. a5 Re7 41. Rc1 Ke5 42. Ba2 Kd6 43. Rd1 Kc5 44. Rc1+ Kb4 45. Rd1 Kc3 46. Bd5
Nb3 47. Kg2 Nxa5 48. Kf3 Nc4 49. Kf4 a5 50. Rb1 a4 51. Rxb5 a3 52. Rc5 Kd4 53.
Rxc4+ Kxd5 54. Ra4 Rxe6 55. Rxa3 Re4+ 56. Kf3 h4 57. Ra5+ Ke6 58. Ra6+ Kf7 59.
Ra7+ Kf6 60. Rh7 g5 61. Rh6+ Kg7 62. Ra6 g4+ {
} 63. Kf2 h3 64. Ra1 Kf6 65.
Ra6+ Kg5 66. Ra1 Rb4 67. Re1 Rb2+ 68. Kg1 Rd2 69. Ra1 Kf6 70. Re1 Rc2 71. Ra1
Ke5 72. Rb1 Ke4 73. Kh1 Ke3 74. Ra1 Ke2 75. Rb1 Rd2 76. Ra1 Rd1+ 77. Rxd1 Kxd1
78. Kg1 Ke1 79. Kh1 Kf2 1/2-1/2

[Event "op"]
[Site "Feldbach, Styria/AUT"]
[Date "1997.01.04"]
[Round "8"]
[White "Schneider_Zinner, H."]
[Black "Gross, S."]
[Result "0-1"]
[WhiteElo "2155"]
[BlackElo "2330"]
[PlyCount "80"]
[EventDate "1997.01.04"]

1. Nf3 g6 2. d4 Bg7 3. c4 c5 4. Nc3 cxd4 5. Nxd4 Nc6 6. Nc2 Bxc3+ 7. bxc3 Qa5
8. e4 Nf6 9. f3 d6 10. Be2 Be6 11. O-O Rc8 12. Ne3 Ne5 13. Nd5 Bxd5 14. cxd5
O-O 15. Be3 Rxc3 16. Qd2 Rfc8 17. Bd4 Ra3 18. Qxa5 Rxa5 19. a4 Ned7 20. Rfb1
Rc7 21. g4 a6 22. Kf2 Nc5 23. Rb4 Nfd7 24. Ke3 e5 25. dxe6 fxe6 26. h4 Ne5 27.
Bc3 Ncd7 28. Bd4 Nc6 29. Rc4 b5 {} 30. Rcc1 bxa4 31. Ra3 e5 32. Bb2 Rb7 33.
Rxc6 Rxb2 34. Rxd6 Nc5 35. Bc4+ Kf8 36. Rd5 Nb7 37. Rxe5 Rxe5 38. Rxa4 a5 39.
Kf4 Rc5 40. Bd5 Rb6 0-1

[Event "op"]
[Site "Feldbach, Styria/AUT"]
[Date "1997.01.04"]
[Round "8"]
[White "Palac, M."]
[Black "Kos, T."]
[Result "1-0"]
[WhiteElo "2540"]
[BlackElo "2295"]
[PlyCount "33"]
[EventDate "1997.01.04"]

1. e4 e5 2. Nf3 Nf6 3. d4 Nxe4 4. Bd3 Nc6 5. Bxe4 d5 6. Bg5 Qd6 7. dxe5 Qb4+ 8.
Nc3 dxe4 9. a3 Qa5 10. Nd4 Nxe5 11. O-O Bd7 12. Nxe4 Ng6 {} 13. Re1 Be7 14. b4
Qb6 15. Bxe7 Nxe7 16. Nc5 Rd8 17. Qe2 1-0

[Event "op"]
[Site "Feldbach, Styria/AUT"]
[Date "1997.01.04"]
[Round "8"]
[White "Jazbinsek, S."]
[Black "Krumpacnik, D."]
[Result "1-0"]
[WhiteElo "2175"]
[BlackElo "2385"]
[PlyCount "105"]
[EventDate "1997.01.04"]

1. Nf3 Nf6 2. b3 d5 3. Bb2 c6 4. e3 Bg4 5. Be2 Nbd7 6. O-O e6 7. d4 Bd6 8. Nbd2
O-O 9. Ne5 Bxe2 10. Qxe2 Rc8 11. Rac1 c5 12. Nxd7 Nxd7 13. dxc5 Rxc5 14. c4 Nf6
15. g3 Be7 16. Rfd1 Qd7 17. Bxf6 Bxf6 18. Ne4 Rc6 19. Nxf6+ gxf6 20. Qg4+ Kh8 {
} 21. Rxd5 Qxd5 22. cxd5 Rxc1+ 23. Kg2 exd5 24. Qf3 Kg7 25. Qxd5 b6 26. Qd7 a5
27. Qd6 b5 28. Qd2 Rfc8 29. Qxa5 R8c2 30. a4 bxa4 31. Qxa4 Rb1 32. Qg4+ Kf8 33.
Qf5 Rcb2 34. Qxf6 Kg8 35. h4 Rxb3 36. h5 Rb6 37. Qg5+ Kf8 38. h6 Re6 39. Qg7+
Ke7 40. Qxh7 Rbb6 41. Qf5 Rxh6 42. g4 Kf8 43. f4 Kg8 44. Kg3 Rhe6 45. Qg5+ Kh7
46. f5 Rh6 47. Qe7 Kg7 48. g5 Rhc6 49. Kg4 Ra6 50. f6+ Rxf6 51. gxf6+ Kg6 52.
Qe5 Rxf6 53. Qg5+ 1-0